000 00775nas a2200241 4500
001 BR9202464
003 BR-BrBNA
005 20231205092511.0
007 ta
008 230509b bl.|||p| |||| 00| 00por d
040 _aBR-BrBNA
_bpor
_cBiblioteca Nacional de Agricultura
041 _a(Pt)
072 _aL74
100 1 _aLima, F.C. de
100 1 _aVogel, J.
245 1 _aHistologia dos estagios de maturacao ovariana da sardinha verdadeira (Sardinella brasiliensis Steindachner, 1879)
650 _aSARDINHA
650 _aHISTOLOGIA ANIMAL
650 _aOVARIO
773 0 _tRevista Brasileira de Medicina Veterinaria (Brazil)
_xISSN 0100-2430
_g(Mar-Apr 1988), v. 10(2) p. 37-40
_wBR9202464
909 _a202311
_bLúcia
_c55
_dLúcia Elande
942 _2AGRIS
_n0
_cANA
999 _c132167
_d132167